<?xml version='1.0' encoding='UTF-8'?>
  <record xmlns="http://www.loc.gov/MARC21/slim">
    <leader>00000cam a2200000 i 4500</leader>
    <controlfield tag="001">ocm68092506</controlfield>
    <controlfield tag="003">OCoLC</controlfield>
    <controlfield tag="005">20250723052103.5</controlfield>
    <controlfield tag="008">980227s1585    fr            000 0 ger d</controlfield>
    <datafield tag="040" ind1=" " ind2=" ">
      <subfield code="a">NLGGC</subfield>
      <subfield code="b">eng</subfield>
      <subfield code="e">rda</subfield>
      <subfield code="e">dcrmr</subfield>
      <subfield code="c">NLGGC</subfield>
      <subfield code="d">OCLCO</subfield>
      <subfield code="d">QGJ</subfield>
      <subfield code="d">OCLCQ</subfield>
      <subfield code="d">QGJ</subfield>
    </datafield>
    <datafield tag="029" ind1="0" ind2=" ">
      <subfield code="a">NLGGC</subfield>
      <subfield code="b">166998664</subfield>
    </datafield>
    <datafield tag="035" ind1=" " ind2=" ">
      <subfield code="a">(OCoLC)68092506</subfield>
    </datafield>
    <datafield tag="100" ind1="1" ind2=" ">
      <subfield code="a">Truchsess von Waldburg, Gebhard,</subfield>
      <subfield code="c">Archbishop and Elector of Cologne,</subfield>
      <subfield code="d">1547-1601,</subfield>
      <subfield code="e">author.</subfield>
      <subfield code="4">aut</subfield>
      <subfield code="1">https://id.oclc.org/worldcat/entity/E39PBJhX98p3hMbrXC7PXmDrMP</subfield>
    </datafield>
    <datafield tag="245" ind1="1" ind2="0">
      <subfield code="a">Protestationschrifft Des hochwürdigstē[n] Fürsten vnd Herrn Herrn Gebharden, Erwöhlten vnd bestettigten zu Ertzbischoffen zu Cölln, des Hey: Römischen Reichs durch Jtalien ErtzCantzlers vnd Churfürsten, Hertzogen zu Westphalen vn[d] Engerns, &amp;c. wider den angestelten Visitationtag des Key: Cam̄[m]ergerichts zu Speyr, so durch die Ehrwürdigsten vnd Wolgeborne Graffen vnd Herrn, Herrn Herman Adolffen Graffen zu Solms ... Herrn Ernsten Graffen vn[d] Herrn zu Manßfeld, dęr Ertz vnd Hoher Stifft Cöln, Straßburg, vnd Würtzburg respectiuè Thumbherrn, durch ... Nicolaum Gerbelium, beyder Rechten Licentiaten, kraffthabenden Gewalt vnd Befelch hochstgedachter S. Churfürstlichen Gnaden den 6. vnnd 7. Maij ist insinuirt worden den Key: Commissarijs, dem anwesenden Herrn Visitatori ... etc. :</subfield>
      <subfield code="b">Folgends weyland Pfaltzgraffe Ludwigen ...außschreiben an Churfürsten, Fürsten, vnnd andere Stände der Augspurgischen Confession ... die Freistellung der Geistlichen belangende.</subfield>
    </datafield>
    <datafield tag="246" ind1="3" ind2=" ">
      <subfield code="a">Protestationschrifft Des hochwürdigstē[n] Fürsten und Herrn Herrn Gebharden, Erwöhlten und bestettigten zu Ertzbischoffen zu Cölln, des Hey: Römischen Reichs durch Italien ErtzCantzlers vnd Churfürsten, Hertzogen zu Westphalen vn[d] Engerns, &amp;c. wider den angestelten Visitationtag des Key: Cam̄[m]ergerichts zu Speyr</subfield>
    </datafield>
    <datafield tag="264" ind1=" " ind2="1">
      <subfield code="a">[Strasbourg] :</subfield>
      <subfield code="b">[Bernard Jobin],</subfield>
      <subfield code="c">Anno Domini M. D. LXXXV. [1585]</subfield>
    </datafield>
    <datafield tag="300" ind1=" " ind2=" ">
      <subfield code="a">[112] pages ;</subfield>
      <subfield code="c">20 cm (4to)</subfield>
    </datafield>
    <datafield tag="336" ind1=" " ind2=" ">
      <subfield code="a">text</subfield>
      <subfield code="b">txt</subfield>
      <subfield code="2">rdacontent</subfield>
    </datafield>
    <datafield tag="337" ind1=" " ind2=" ">
      <subfield code="a">unmediated</subfield>
      <subfield code="b">n</subfield>
      <subfield code="2">rdamedia</subfield>
    </datafield>
    <datafield tag="338" ind1=" " ind2=" ">
      <subfield code="a">volume</subfield>
      <subfield code="b">nc</subfield>
      <subfield code="2">rdacarrier</subfield>
    </datafield>
    <datafield tag="340" ind1=" " ind2=" ">
      <subfield code="m">4to</subfield>
      <subfield code="2">rdabf</subfield>
    </datafield>
    <datafield tag="500" ind1=" " ind2=" ">
      <subfield code="a">Coat of arms on title page.</subfield>
    </datafield>
    <datafield tag="500" ind1=" " ind2=" ">
      <subfield code="a">Place of publication and printer's name from VD 16.</subfield>
    </datafield>
    <datafield tag="500" ind1=" " ind2=" ">
      <subfield code="a">Signatures: A-O⁴; A1v, a1r and O4 are blank; A3 numbered A2; A2 is a cut sheet, to which a folded sheet is pasted, signed [a1]-a2.</subfield>
    </datafield>
    <datafield tag="500" ind1=" " ind2=" ">
      <subfield code="a">A3 numbered A2; A2 is a cut sheet, to which a folded sheet is pasted, signed [a1]-a2.</subfield>
    </datafield>
    <datafield tag="510" ind1="4" ind2=" ">
      <subfield code="a">Verzeichnis der im deutschen Sprachbereich erschienenen Drucke des 16. Jahrhunderts (VD 16),</subfield>
      <subfield code="c">K 1760</subfield>
      <subfield code="u">https://gateway-bayern.de/VD16+K+1760</subfield>
    </datafield>
    <datafield tag="510" ind1="4" ind2=" ">
      <subfield code="3">Ludwig VI, Elector Palatine. Ausschreiben an Kurfürsten, Fürsten und andere Stände der Augsburgischen Konfession wegen des Religionskonventstages nach Mühlhausen:</subfield>
      <subfield code="a">Verzeichnis der im deutschen Sprachbereich erschienenen Drucke des 16. Jahrhunderts (VD 16),</subfield>
      <subfield code="c">P 2202</subfield>
      <subfield code="u">https://gateway-bayern.de/VD16+P+2202</subfield>
    </datafield>
    <datafield tag="600" ind1="1" ind2="0">
      <subfield code="a">Gerbel, Nikolaus,</subfield>
      <subfield code="d">1538-1595.</subfield>
    </datafield>
    <datafield tag="600" ind1="1" ind2="0">
      <subfield code="a">Solms-Hohensolms, Hermann Adolf zu,</subfield>
      <subfield code="d">1545-1613.</subfield>
    </datafield>
    <datafield tag="600" ind1="0" ind2="0">
      <subfield code="a">Ernst</subfield>
      <subfield code="b">VI,</subfield>
      <subfield code="c">Graf zu Mansfeld-Hinterort,</subfield>
      <subfield code="d">1561-1609.</subfield>
    </datafield>
    <datafield tag="700" ind1="0" ind2="2">
      <subfield code="i">Container of (work):</subfield>
      <subfield code="a">Ludwig</subfield>
      <subfield code="b">VI,</subfield>
      <subfield code="c">Elector Palatine,</subfield>
      <subfield code="d">1539-1583.</subfield>
      <subfield code="t">Ausschreiben an Kurfürsten, Fürsten und andere Stände der Augsburgischen Konfession wegen des Religionskonventstages nach Mühlhausen.</subfield>
    </datafield>
    <datafield tag="700" ind1="1" ind2=" ">
      <subfield code="a">Jobin, Bernhard,</subfield>
      <subfield code="d">approximately 1545-1593,</subfield>
      <subfield code="e">printer.</subfield>
      <subfield code="4">prt</subfield>
      <subfield code="1">https://id.oclc.org/worldcat/entity/E39PBJqvXTYJYQYV7xF4v4dmh3</subfield>
    </datafield>
    <datafield tag="710" ind1="2" ind2=" ">
      <subfield code="a">Catholic Church.</subfield>
      <subfield code="b">Archdiocese of Cologne (Germany).</subfield>
      <subfield code="b">Archbishop (1577-1588 : Gebhard Truchsess von Waldburg),</subfield>
      <subfield code="e">author.</subfield>
      <subfield code="4">aut</subfield>
    </datafield>
    <datafield tag="752" ind1=" " ind2=" ">
      <subfield code="a">France</subfield>
      <subfield code="d">Strasbourg,</subfield>
      <subfield code="e">publication place.</subfield>
      <subfield code="4">pup</subfield>
    </datafield>
    <datafield tag="936" ind1=" " ind2=" ">
      <subfield code="a">BATCHLOAD</subfield>
    </datafield>
  </record>